Country Rankings in Geometry Dash - Statistics

General Stats
  • This quiz has been taken 34 times
  • The average score is 23 of 30
Answer Stats
Score Countries Best Player and his hard level % Correct
214394.48 United States Zoink (Tidal Wave)
100%
15913.74 Germany Mizukii (Avernus)
93%
8015.64 Brazil DibiiziCookie (Abyss of Darkness)
90%
26861.7 Canada RG (Acheron)
90%
6474.81 Japan cobrablitz (Kyouki)
90%
12660.98 Portugal Taiago (Avernus)
90%
149142.64 Russia Nickname09 (Acheron)
90%
33271.45 Spain Superjavicon (Deimos)
90%
32156.59 United Kingdom Whizkid05 (Anathema)
90%
15546.76 France zThund3r (Acheron)
86%
13444.18 Mexico Donei GD (Slaughterhouse)
86%
10208.54 Argentina Hipo (Slaughterhouse)
83%
9446.9 Italy skzyl (poocubed)
83%
10543.71 Norway Tunax (Acheron)
83%
24064.49 Australia ViperVenom95 (Abyss of Darkness)
79%
7210.23 Poland Gokill (Acheron)
79%
13186.28 Chile manu (Kyouki)
76%
5943.23 Colombia RaeveZ (Acheron)
76%
29494.71 South Korea Laniakea (Abyss of Darkness)
76%
14117.46 Finland kloone (Kyouki)
72%
5467.45 New Zealand zLevii (Kyouki)
72%
6786.09 Peru Abdieldevil (Avernus)
72%
17510.75 Ukraine SerVax (Avernus)
69%
7100.33 Austria Hover (Acheron)
66%
6038.27 Netherlands JesseGamingGD (Acheron)
66%
3970.58 Albania Diamond (Avernus)
55%
4867.1 Denmark Axinity (Acheron)
55%
14681.59 Romania Quivert (Acheron)
55%
5439.2 Serbia Kole (Acheron)
55%
8671.16 Moldova loliklee (Avernus)
38%
No matching quizzes found
Score Distribution
Percent of People with Each Score
Percentile by Number Answered
Your Score History
You have not taken this quiz